[Event "Vienna State-chB"]
[Site "Vienna"]
[Date "2022.09.25"]
[Round "9"]
[White "Pantelic, Slobodan"]
[Black "Reif, Werner"]
[Result "0-1"]
[WhiteElo "1596"]
[BlackElo "1747"]
[PlyCount "102"]
[EventDate "2022.09.17"]
[EventType "swiss"]
[EventRounds "9"]
[EventCountry "AUT"]
[SourceTitle "CBM 210 Extra"]
[Source "ChessBase"]
[SourceDate "2022.11.30"]
[SourceVersion "1"]
[SourceVersionDate "2022.11.30"]
[SourceQuality "1"]

1. Nf3 d5 2. d4 Nf6 3. Bf4 e6 4. h3 Bd6 5. Ne5 c5 6. c3 Nc6 7. e3 Qc7 8. Bb5 0-0 9. Nd3 c4 10. Bxd6 Qxd6 11. Nf4 a6 12. Ba4 b5 13. Bc2 Bb7 14. 0-0 a5 15. Nd2 Ne7 16. Nf3 Ne4 17. Ne5 f6 18. Ng4 Rad8 19. Nh2 e5 20. Ne2 Ng5 21. Ng3 e4 22. h4 Nf7 23. Qg4 Bc8 24. Qe2 Nh6 25. Bd1 Nef5 26. Nxf5 Nxf5 27. h5 Nh6 28. Qd2 f5 29. f4 Qf6 30. Qf2 g5 31. hxg6 hxg6 32. Kh1 Kg7 33. Rg1 Rh8 34. g4 fxg4 35. Bxg4 Nxg4 36. Rxg4 Bxg4 37. Kg1 Rh4 38. Qg3 Bf5 39. Rf1 Rdh8 40. Rf2 Rh3 41. Qg2 Qh4 42. Qg5 Qxg5+ 43. fxg5 Rxe3 44. Nf1 Rd3 45. Nd2 Rg3+ 46. Rg2 Rxg2+ 47. Kxg2 Rh5 48. Kg3 Rxg5+ 49. Kf4 Rg4+ 50. Ke5 e3 51. Nf3 Be4 0-1

[Event "Vienna State-chB"]
[Site "Vienna"]
[Date "2022.09.23"]
[Round "7"]
[White "Mayrhuber, Franz"]
[Black "Reif, Werner"]
[Result "0-1"]
[WhiteElo "1718"]
[BlackElo "1747"]
[PlyCount "108"]
[EventDate "2022.09.17"]
[EventType "swiss"]
[EventRounds "9"]
[EventCountry "AUT"]
[SourceTitle "CBM 210 Extra"]
[Source "ChessBase"]
[SourceDate "2022.11.30"]
[SourceVersion "1"]
[SourceVersionDate "2022.11.30"]
[SourceQuality "1"]

1. d4 d5 2. Nf3 Nf6 3. c4 e6 4. Nc3 c6 5. Bg5 Nbd7 6. e3 Qa5 7. Bd3 Ne4 8. Qa4 Qxa4 9. Nxa4 Bb4+ 10. Ke2 Nxg5 11. Nxg5 h6 12. a3 Be7 13. Nf3 dxc4 14. Bb1 b5 15. Nc3 0-0 16. Rc1 Bb7 17. Be4 Nf6 18. Bc2 a5 19. Ne4 Nd5 20. Nfd2 Ba6 21. Ke1 f5 22. Nc3 Nxc3 23. bxc3 c5 24. Nf3 b4 25. axb4 axb4 26. Bd1 b3 27. Ra5 Bb7 28. Rb5 Be4 29. Ne5 Rfb8 30. Rxb8+ Rxb8 31. Nxc4 b2 32. Nxb2 Rxb2 33. f3 Rb1 34. Rxb1 Bxb1 35. Kd2 c4 36. Be2 Ba2 37. e4 f4 38. g4 Kf7 39. Kc1 Ba3+ 40. Kd2 Ke7 41. Bd1 e5 42. d5 Kf6 43. h4 Kf7 44. Ba4 Ke7 45. Bb5 Kd6 46. Ba4 Kc5 47. Be8 Bb3 48. Bd7 Kb6 49. Be8 Be7 50. h5 Ba3 51. Bd7 Kc7 52. Be8 Kd6 53. Ke2 Ke7 54. Bb5 Kf6 0-1

[Event "Vienna Husek op-B"]
[Site "Vienna"]
[Date "2012.08.15"]
[Round "3"]
[White "Vakavchiev, Ivan"]
[Black "Reif, Werner"]
[Result "1/2-1/2"]
[WhiteElo "1600"]
[BlackElo "1847"]
[PlyCount "49"]
[EventDate "2012.08.13"]
[EventType "swiss"]
[EventRounds "7"]
[EventCountry "AUT"]
[SourceTitle "EXT 2014"]
[Source "ChessBase"]
[SourceDate "2013.11.20"]
[SourceVersion "1"]
[SourceVersionDate "2013.11.20"]
[SourceQuality "1"]

1. Nf3 d5 2. d4 Nf6 3. c4 e6 4. Nc3 c6 5. e3 Nbd7 6. Bd3 dxc4 7. Bxc4 b5 8. Bd3 Bd6 9. 0-0 0-0 10. a3 a5 11. e4 e5 12. Bg5 Qc7 13. Rc1 Qb8 14. Ne2 Bb7 15. Bxf6 Nxf6 16. dxe5 Bxe5 17. Nxe5 Qxe5 18. Qc2 Rad8 19. Ng3 Rd7 20. Rfd1 Rfd8 21. Bf1 Qe8 22. f3 Rxd1 23. Rxd1 Rxd1 24. Qxd1 Qd7 25. Qe1 1/2-1/2

[Event "Porto San Giorgio op 23rd"]
[Site "Porto San Giorgio"]
[Date "2011.08.27"]
[Round "8"]
[White "Reif, Werner"]
[Black "Arnetta, Maria Teresa"]
[Result "0-1"]
[WhiteElo "1848"]
[BlackElo "2069"]
[PlyCount "58"]
[EventDate "2011.08.21"]
[EventType "swiss"]
[EventRounds "9"]
[EventCountry "ITA"]
[SourceTitle "CBM 144 Extra"]
[Source "ChessBase"]
[SourceDate "2011.10.28"]
[SourceVersion "1"]
[SourceVersionDate "2011.10.28"]
[SourceQuality "1"]

1. d4 e6 2. Nf3 f5 3. Nc3 Nf6 4. Bg5 Bb4 5. a3 Bxc3+ 6. bxc3 0-0 7. e3 c5 8. Be2 Qa5 9. 0-0 Qxc3 10. Bxf6 Rxf6 11. dxc5 Qxc5 12. Nd4 a6 13. Qd2 Qc7 14. Rab1 Nc6 15. Nxc6 bxc6 16. Qb4 Rf8 17. Qb6 Qe5 18. Rb2 a5 19. Rfb1 f4 20. Qd4 Qc7 21. exf4 Rxf4 22. Qb6 Qe5 23. Bd3 Rf8 24. g3 Qf6 25. Qc5 e5 26. Rb8 d6 27. Qxc6 Rxb8 28. Rxb8 Qxf2+ 29. Kh1 Qe1+ 0-1

[Event "Porto San Giorgio op 23rd"]
[Site "Porto San Giorgio"]
[Date "2011.08.26"]
[Round "7"]
[White "D'Aquino, Ugo"]
[Black "Reif, Werner"]
[Result "1/2-1/2"]
[WhiteElo "1925"]
[BlackElo "1848"]
[PlyCount "78"]
[EventDate "2011.08.21"]
[EventType "swiss"]
[EventRounds "9"]
[EventCountry "ITA"]
[SourceTitle "CBM 144 Extra"]
[Source "ChessBase"]
[SourceDate "2011.10.28"]
[SourceVersion "1"]
[SourceVersionDate "2011.10.28"]
[SourceQuality "1"]

1. e4 c6 2. d4 d5 3. f3 e6 4. Qd3 b6 5. Ne2 Ba6 6. Qe3 c5 7. c3 Nc6 8. exd5 Bxe2 9. Bxe2 Qxd5 10. Bb5 cxd4 11. Bxc6+ Qxc6 12. cxd4 Rd8 13. Nc3 Nf6 14. Qf2 Qc4 15. Be3 Nd5 16. Nxd5 Rxd5 17. a3 Be7 18. Rc1 Qa6 19. Qe2 Qxe2+ 20. Kxe2 Kd7 21. Rc2 Rc8 22. Rxc8 Kxc8 23. Rc1+ Kd7 24. Rc2 Rd6 25. Kd3 Rc6 26. Re2 Bd6 27. g4 g6 28. h4 f5 29. gxf5 exf5 30. Bg5 Rc8 31. d5 Re8 32. Rxe8 Kxe8 33. Kd4 Kd7 34. a4 a6 35. Kc4 Bg3 36. b4 h6 37. Bf6 Bf4 38. Bg7 Bg3 39. Bf6 Bf4 1/2-1/2